|
|
|
|
| LEADER |
02623nam a2200481 i 4500 |
| 001 |
EBC4412754 |
| 003 |
MiAaPQ |
| 005 |
20200520144314.0 |
| 006 |
m o d | |
| 007 |
cr cnu|||||||| |
| 008 |
150527s2016 ncuab ob 001 0 eng|d |
| 020 |
|
|
|z 9780822360209 (hardcover : alk. paper)
|
| 020 |
|
|
|z 9780822360360 (pbk. : alk. paper)
|
| 020 |
|
|
|a 9780822374848 (e-book)
|
| 035 |
|
|
|a (MiAaPQ)EBC4412754
|
| 035 |
|
|
|a (Au-PeEL)EBL4412754
|
| 035 |
|
|
|a (CaPaEBR)ebr11175498
|
| 035 |
|
|
|a (CaONFJC)MIL869744
|
| 035 |
|
|
|a (OCoLC)933264776
|
| 040 |
|
|
|a MiAaPQ
|b eng
|e rda
|e pn
|c MiAaPQ
|d MiAaPQ
|
| 043 |
|
|
|a f-cg---
|
| 050 |
|
4 |
|a DT650.K66
|b C68 2016
|
| 082 |
0 |
|
|a 394
|2 23
|
| 100 |
1 |
|
|a Covington-Ward, Yolanda,
|d 1979-
|e author.
|
| 245 |
1 |
0 |
|a Gesture and power :
|b religion, nationalism, and everyday performance in Congo /
|c Yolanda Covington-Ward.
|
| 264 |
|
1 |
|a Durham :
|b Duke University Press,
|c 2016.
|
| 300 |
|
|
|a 1 online resource (300 pages) :
|b illustrations, maps.
|
| 336 |
|
|
|a text
|2 rdacontent
|
| 337 |
|
|
|a computer
|2 rdamedia
|
| 338 |
|
|
|a online resource
|2 rdacarrier
|
| 490 |
1 |
|
|a The religious cultures of African and African diaspora people
|
| 504 |
|
|
|a Includes bibliographical references and index.
|
| 505 |
0 |
|
|a Neither native nor stranger : places, encounters, prophecies -- "A war between soldiers and prophets" : embodied resistance in colonial Belgian Congo, 1921 -- Threatening gestures, immoral bodies : Kingunza after Kimbangu -- Dancing with the invisible : everyday performances under Mobutu Sese Seko -- Dancing disorder in Mobutu's Zaire : animation politique and gendered nationalisms -- Bundu dia Kongo and embodied revolutions : performing Kongo pride -- Transforming modern society.
|
| 588 |
|
|
|a Description based on print version record.
|
| 590 |
|
|
|a Electronic reproduction. Ann Arbor, MI : ProQuest, 2016. Available via World Wide Web. Access may be limited to ProQuest affiliated libraries.
|
| 650 |
|
0 |
|a Kongo (African people)
|x Communication.
|
| 650 |
|
0 |
|a Body language
|z Congo (Democratic Republic)
|
| 650 |
|
0 |
|a Dance
|x Social aspects
|z Congo (Democratic Republic)
|
| 655 |
|
4 |
|a Electronic books.
|
| 776 |
0 |
8 |
|i Print version:
|a Covington-Ward, Yolanda.
|t Gesture and power : religion, nationalism, and everyday performance in Congo.
|d Durham : Duke University Press, 2016
|k The religious cultures of African and African diaspora people
|z 9780822360209
|
| 797 |
2 |
|
|a ProQuest (Firm)
|
| 830 |
|
0 |
|a Religious cultures of African and African diaspora people.
|
| 856 |
4 |
0 |
|u https://ebookcentral.proquest.com/lib/matrademy/detail.action?docID=4412754
|z Click to View
|